000 00502cam a22001934a 4500
005 20250605164134.0
008 250528s ||||||||||||||||||||||||d
035 _a18701
020 _a854784063
040 _aGR-AtMCL
_bgre
_dGR-AtMCL
_eAACR2
245 1 _aWhat is Philosophy?
260 _bVision,
_c1989
300 _a98
520 _aThe writer attempts to explain how an approach to philosophy can be made.
700 1 _aHeidegger M
_94959
942 _cBK
999 _c4027
_d4027